header

Trade policy in a globalizing world (Record no. 67601)

MARC details
000 -LEADER
fixed length control field 01386nam a2200349Ia 4500
245 00 - TITLE STATEMENT
Title Trade policy in a globalizing world
260 ## - PUBLICATION, DISTRIBUTION, ETC. (IMPRINT)
Place of publication New York :
Name of publisher Nova Science Publishers,
Year of publication c2009.
300 ## - PHYSICAL DESCRIPTION
Number of Pages xi, 320 p. :
Other physical details ill. (some col.), map.
490 1# - SERIES STATEMENT
Series statement Monetary, fiscal and trade policies series
650 #0 - SUBJECT ADDED ENTRY--TOPICAL TERM
Topical Term Commercial policy.
Topical Term Globalization.
700 1# - ADDED ENTRY--PERSONAL NAME
Personal name Watanabe, Yuki.
Personal name Yamashita, Haruto.
856 40 - ELECTRONIC LOCATION AND ACCESS
Uniform Resource Identifier http://site.ebrary.com/lib/rucke/Doc?id=10660269

No items available.

© 2026 Rongo University
Contact us: librarian | system librarian | Rongo university